000 00357 a2200145 4500
001 149401
040 _cEscola São Tomás de Aquino
100 _aBELLO, Andréa
240 1 0 _aCirros, a nuvem que não chovia
_lpor
245 1 0 _aCirros, a nuvem que não chovia
300 _a35
440 1 _aMazza
697 _a*LITERATURA INFANTO JUVENIL
942 _cBK
999 _c149401
_d149401